Construcción de terapias familiares sistémicas
Guardat en:
| Autors principals: | , |
|---|---|
| Format: | Llibre |
| Idioma: | espanyol |
| Publicat: |
Buenos Aires
Amorrortu
1987
|
| Col·lecció: | Biblioteca de psicología y psicoanálisis
|
| Matèries: | |
| Etiquetes: |
Afegir etiqueta
Sense etiquetes, Sigues el primer a etiquetar aquest registre!
|
MARC
| LEADER | 00000nam a2200000 a 4500 | ||
|---|---|---|---|
| 001 | UCW6077 | ||
| 003 | CL-VaPUC | ||
| 008 | 911009e19870000AG |||||||||||||||||spa|d | ||
| 082 | 0 | 4 | |a 616.89156 |b KEE |2 21 |
| 100 | |a Keeney, Bradford P |e author |9 496157 | ||
| 700 | 0 | |a Ross, Jeffrey M |e author |9 311033 | |
| 245 | 1 | 0 | |a Construcción de terapias familiares sistémicas |
| 300 | |a 256 p | ||
| 942 | |c BK | ||
| 945 | |d 19911009 00:00:00 | ||
| 260 | |a Buenos Aires |b Amorrortu |c 1987 | ||
| 650 | 0 | |a Psicoterapia familiar |9 310747 | |
| 583 | |a last modification |c 19911009 00:00:00 |k Rodrigo Vera | ||
| 490 | 0 | |a Biblioteca de psicología y psicoanálisis | |
| 999 | |c 219245 |d 219243 | ||
| 952 | |0 0 |1 0 |4 0 |6 616_891560000000000_KEE_1987 |7 0 |8 A |9 209917 |a BIBEDU |b BIBEDU |d 2019-11-15 |i 2780135 |o 616.89156 KEE 1987 |p 2780135 |r 2019-11-15 |w 2019-11-15 |y BK |k EDU | ||